000 06790cam a22019694i 4500
003 PE-LiUPU
005 20250813165831.0
008 150706s2010 sp a rb 000 0 spa d
020 _a8498353483
020 _a9788498353488
035 _a(Sirsi) i9788498353488
040 _aPE-LiUPU
_bspa
_cPE-LiUPU
_dPE-LiUPU
_erda
049 _aPRUA
082 0 4 _a612.39
_bG48T
_221
082 0 4 _a612.39
_bG48 T3 2010
245 0 0 _aTratado de nutrición T3 :
_bnutrición humana en el estado de salud /
_cdirector, Ángel Gil Hernández.
250 _a2a edición.
264 1 _aMadrid :
_bMédica Panamericana,
_c2010.
300 _a550 páginas :
_bilustraciones ;
_c28 centímetros
336 _atext
_2rdacontent
337 _aunmediated
_2rdamedia
338 _avolume
_2rdacarrier
504 _aIncluye bibliografía.
505 0 _aHábitos alimentarios y salud -- Ingestas dietéticas de referencia, objetivos nutricionales y guías -- Valoración del estado nutricional en el adulto y en el niño -- Análisis de la composición corporal -- Nutrición durante la gestación y la lactancia -- Regulación del crecimiento, la diferenciación y el desarrollo -- Nutrición del recién nacido de bajo peso -- Nutrición del lactante -- Nutrición del niño de 1-3 años, preescolar y escolar -- Nutrición en la adolescencia -- Nutrición y prevención de enfermedad -- Nutrición en el adulto -- Nutrición y envejecimiento -- Nutrición en la actividad física y deportiva -- Restauración colectiva social y hospitalaria -- Nutrición, cocina y gastronomía -- Nutrición y salud pública -- Epidemiología nutricional -- Educación nutricional -- Informática nutricional y sistemas de información y documentación en nutrición -- Errores, mitos y realidades en la alimentación.
526 _aP203
526 _aP200
526 _aSEG65
526 _aSEG64
526 _aSEG63
526 _aSEG62
526 _aSEG61
526 _aSEG60
526 _aSEG59
526 _aSEG58
526 _aSEG57
526 _aSEG56
526 _aSEG55
526 _aSEG54
526 _aSEG53
526 _aSEG52
526 _aSEG51
526 _aSEG50
526 _aSEG49
526 _aSEG48
526 _aSEG47
526 _aSEG46
526 _aSEG24
526 _aSEG23
526 _aSEG22
526 _aSEG21
526 _aSEG20
526 _aSEG19
526 _aSEG18
526 _aSEG17
526 _aSEG16
526 _aSEG14
526 _aSEG13
526 _aSEG12
526 _aSEG11
526 _aSEG10
526 _aSEG09
526 _aSEG06
526 _aSEG05
526 _aSEG04
526 _aSEG03
526 _aSEG02
526 _aSEG68
526 _aSEG66
526 _aSEG45
526 _aSEG25
526 _aSEG01
526 _aP163
526 _aP162
526 _aP161
526 _aP160
526 _aP159
526 _aP158
526 _aP157
526 _aP156
526 _aP155
526 _aP154
526 _aP153
526 _aP152
526 _aP151
526 _aP150
526 _aP149
526 _aP142
526 _aP141
526 _aP140
526 _aP139
526 _aP138
526 _aP137
526 _aP132
526 _aP131
526 _aP130
526 _aP126
526 _aP125
526 _aP124
526 _aP123
526 _aP115
526 _aP122
526 _aP121
526 _aP116
526 _a P114
526 _aP112
526 _aP111
526 _aP104
526 _aP103
526 _aP102
526 _aP101
526 _aP100
526 _aP96
526 _aP95
526 _aP93
526 _aP92
526 _aP91
526 _aP88
526 _aP83
526 _aP82
526 _aP79
526 _aP78
526 _aP75
526 _aP74
526 _aP71
526 _aP69
526 _a P51
526 _aP49
526 _aP48
526 _aP47
526 _aP33
526 _aP31
526 _a P30
526 _aP29
526 _aP27
526 _aP26
526 _aP25
526 _aP24
526 _a P22
526 _aP10
526 _aP09
526 _a P08
526 _aP06
526 _aP05
526 _aP04
526 _aP01
541 _g001-003347;
541 _g0001-0000123;
541 _g0001-0000123;
541 _g001-000071;
541 _g044-00024188;
650 0 4 _aNutrición.
_9394
700 1 _aGil Hernández, Ángel,
_edirirector.
910 _agl
_bjv
_cng
_d20110916
942 _2ddc
_cBOOK
949 _a612.39 G48T 3
_wDEWEY
_c1
_i63681
_lCCODEBUL1
_mBUL
_p74.00
_r0
_sY
_tBOOK
_u2015-7-6
_xSALUD
_PP31
_o.STAFF. Colección Ciencias de la Salud
949 _a612.39 G48T 3
_wDEWEY
_c2
_i65105
_lCCODEBUL1
_mBUL
_p330.00
_r0
_sY
_tBOOK
_u2015-7-6
_xSALUD
_PP22
_o.STAFF. Colección Ciencias de la Salud
949 _a612.39 G48T 3
_wDEWEY
_c3
_i65106
_lCCODEBUL1
_mBUL
_p330.00
_r0
_sY
_tBOOK
_u2015-7-6
_xSALUD
_PP22
_o.STAFF. Colección General
949 _a612.39 G48 3
_wDEWEY
_c4
_i66553
_lCCODEBUL1
_mBUL
_p89.00
_r0
_sY
_tBOOK
_u2015-7-6
_xSALUD
_PP31
_o.STAFF. Colección Ciencias de la Salud
949 _a612.39 G48 T3 2010
_wDEWEY
_c1
_iFJ07393
_lCCODEBUJ1
_mBUJ
_p49.00
_r0
_sY
_tBOOK
_u2017-07-19
_xSALUD
_zENFERMERÍA
_0COMPRA
_o.STAFF. Colección General Juliaca
994 _aC0
_bPEPRU
596 _a1 3
999 _a612.39 G48T 3
_wDEWEY
_c52586
_i63681
_d52586
_e2016-3-29
_f2021-11-3
_g5
_lCCODEBUL1
_mBUL
_n1
_p74.00
_q3
_r0
_sY
_tBOOK
_u2015-7-6
_xSALUD
_zP31
_0COMPRA
_o.STAFF. Colección Ciencias de la Salud
999 _a612.39 G48T 3
_wDEWEY
_c2
_i65105
_d2019-3-14
_e2019-3-10
_f2021-11-3
_g5
_lCCODEBUL1
_mBUL
_n4
_p330.00
_q3
_r1
_sY
_tBOOK
_u2015-7-6
_xSALUD
_zP22
_0COMPRA
_o.STAFF. Colección Ciencias de la Salud
999 _a612.39 G48T 3
_wDEWEY
_c3
_i65106
_d2018-10-28
_e2018-5-6
_f2021-11-3
_g5
_lCCODEBUL1
_mBUL
_n3
_p330.00
_q3
_r1
_sY
_tBOOK
_u2015-7-6
_xSALUD
_zP22
_0COMPRA
_o.STAFF. Colección Ciencias de la Salud
999 _a612.39 G48 3
_wDEWEY
_c4
_i66553
_d2020-1-30
_e2018-8-24
_f2021-11-3
_g5
_lCCODEBUL1
_mBUL
_n8
_p89.00
_q6
_r0
_sY
_tBOOK
_u2015-7-6
_xSALUD
_PP31
_0COMPRA
_o.STAFF. Colección Ciencias de la Salud
999 _a612.39 G48 T3 2010
_wDEWEY
_c1
_iFJ07393
_d2019-10-15
_e2019-3-21
_f2022-1-25
_g3
_lCCODEBUJ1
_mBUJ
_n1
_p49.00
_q9
_r0
_sY
_tBOOK
_u2017-7-19
_xSALUD
_PP22
_0COMPRA
_o.STAFF. Colección General Juliaca
980 _81
_gALBERTO SANCHEZ Responsable de Automatización